The Chronicles of Narnia 1 Quotes - Statistics

General Stats
  • This quiz has been taken 345 times
  • The average score is 7 of 13
Answer Stats
Quote Character % Correct
Do not cite the Deep Magic to me Witch. I was there when it was written. Aslan
98%
For Narnia and for Aslan! Peter Pevensie
95%
You must be some kind of beardless dwarf? Mr Tumnus
72%
In that knowledge, despair... and die! Jadis The White Witch
69%
They just don't know when to stop pretending. Edmund Pevensie
62%
These ARE the police! Susan Pevensie
58%
Spare 'Oom! Lucy Pevensie
57%
There wasn't room next to the jam! Mr. Beaver
48%
You seem to have upset the delicate internal balance of my housekeeper. Professor Kirke
37%
Winter is almost over. Father Christmas
35%
I'm not as young as I once was. Phillip the Horse
31%
Don't patronize me! I know where your allegiance lies. We're looking for some humans. Maugrim
23%
How dare you address the Queen of Narnia? Ginarrbrik
15%
No matching quizzes found
Score Distribution
Percent of People with Each Score
Percentile by Number Answered
Your Score History
You have not taken this quiz